[Event "8th U18 European Team Championships"]
[Site "?"]
[Date "2008.06.14"]
[Round "1.1"]
[White "Prohaszka, Peter"]
[Black "Pacher, Milan"]
[Result "1-0"]
[WhiteElo "2506"]
[BlackElo "2324"]
[PlyCount "87"]
[EventDate "2008.06.14"]

1. d4 Nf6 2. c4 g6 3. Nc3 d5 4. Nf3 Bg7 5. e3 O-O 6. cxd5 Nxd5 7. Bc4 Nb6 8.
Bb3 c5 9. O-O cxd4 10. exd4 Nc6 11. d5 Na5 12. Be3 Bg4 13. h3 Bxf3 14. Qxf3 Rc8
15. Rad1 Nac4 16. Bc1 Qd6 17. Bxc4 Nxc4 18. Qe2 Rfe8 19. Na4 Qb4 20. b3 Nd6 21.
Bb2 b5 22. Bxg7 Kxg7 23. Qb2+ f6 24. Rd4 Qa5 25. Nc5 Nf5 26. Ne6+ Kg8 27. Rd3
b4 28. g4 Ng7 29. Qe2 Nxe6 30. Qxe6+ Kg7 31. g5 Qb5 32. Rfd1 f5 33. Rd4 Rc2 34.
Re1 Rcc8 35. h4 Qc5 36. Qe5+ Kg8 37. h5 gxh5 38. Qe6+ Kg7 39. Qh6+ Kg8 40. Qe6+
Kg7 41. Qh6+ Kg8 42. g6 hxg6 43. Qxg6+ Kf8 44. Qxf5+ 1-0

[Event "8th U18 European Team Championships"]
[Site "?"]
[Date "2008.06.14"]
[Round "1.1"]
[White "Varga, David"]
[Black "Berczes, David"]
[Result "0-1"]
[WhiteElo "2289"]
[BlackElo "2453"]
[PlyCount "68"]
[EventDate "2008.06.14"]

1. e4 e6 2. d4 d5 3. exd5 exd5 4. Nf3 Bd6 5. c4 Nf6 6. c5 Be7 7. Bd3 b6 8. Qa4+
c6 9. Be3 O-O 10. Nbd2 bxc5 11. dxc5 Nbd7 12. Qxc6 Rb8 13. Nb3 d4 14. Bxd4 Nxc5
15. Nxc5 Rb6 16. Qa4 Bxc5 17. Bb5 Bxd4 18. Nxd4 Rxb5 19. Qxb5 Qxd4 20. O-O Bd7
21. Qb7 Bc8 22. Qb3 Be6 23. Rfd1 Qc5 24. Qa4 h6 25. Rac1 Qb6 26. Qd4 Bxa2 27.
Ra1 Bb3 28. Rxa7 Qxd4 29. Rxd4 Rc8 30. h3 Rc1+ 31. Kh2 Rc2 32. Rb7 Be6 33. Kg3
g5 34. b4 Kg7 0-1

[Event "8th U18 European Team Championships"]
[Site "?"]
[Date "2008.06.14"]
[Round "1.1"]
[White "Fodor, Tamas Jr"]
[Black "Mazur, Stefan"]
[Result "0-1"]
[WhiteElo "2432"]
[BlackElo "2180"]
[PlyCount "112"]
[EventDate "2008.06.14"]

1. d4 d5 2. c4 c6 3. Nc3 Nf6 4. cxd5 cxd5 5. Bf4 Nc6 6. Nf3 a6 7. Rc1 Bf5 8.
Ne5 Rc8 9. e3 Qb6 10. Be2 Qxb2 11. O-O Nxe5 12. dxe5 Rxc3 13. Rxc3 Qxc3 14.
exf6 e6 15. Qa4+ Qc6 16. Qd4 Bc5 17. Qe5 O-O 18. g4 Bg6 19. fxg7 Rd8 20. Bg5
Bd6 21. Qb2 Rc8 22. h4 Qc7 23. f4 Be4 24. h5 Qc3 25. Qxc3 Rxc3 26. Bf6 Rc2 27.
Bf3 Bxf3 28. Rxf3 Rxa2 29. h6 Rc2 30. Rf2 Rc1+ 31. Kg2 b5 32. Ra2 Rc6 33. Kf3
b4 34. Bd4 Bc7 35. g5 a5 36. Ke2 Rc4 37. Kd3 b3 38. Ra1 a4 39. Rb1 Bd6 40. Bc3
Bc5 41. f5 exf5 42. Rf1 a3 43. Rxf5 b2 44. Rxd5 b1=Q+ 45. Kxc4 Be7 46. Ra5 Qe4+
47. Kb3 Qe6+ 48. Kc2 Qc6 49. Kb3 Qb6+ 50. Kc2 Qb7 51. Bd4 Qc7+ 52. Bc3 Qb7 53.
Kc1 Bd8 54. Rxa3 Bxg5 55. Bd4 Bxh6 56. Ra5 Bxg7 0-1

[Event "8th U18 European Team Championships"]
[Site "?"]
[Date "2008.06.14"]
[Round "1.2"]
[White "Zelbel, Patrick"]
[Black "Vila Gazquez, Xavier"]
[Result "0-1"]
[WhiteElo "2246"]
[BlackElo "2418"]
[PlyCount "68"]
[EventDate "2008.06.14"]

1. e4 c6 2. d4 d5 3. f3 e6 4. Nc3 Bb4 5. Bf4 Ne7 6. Qd3 Nd7 7. O-O-O O-O 8.
Nge2 b5 9. g4 Nb6 10. h4 Nc4 11. g5 Qa5 12. Kb1 Ba6 13. Bc1 Rab8 14. Ka1 Rb6
15. b3 Rfb8 16. Nb1 Bd6 17. e5 Bc7 18. Qc3 b4 19. Qe1 Bb5 20. bxc4 Bxc4 21. Ba3
R6b7 22. Nc1 bxa3 23. Nb3 Bxb3 24. cxb3 Qxe1 25. Rxe1 Nf5 26. Nxa3 Nxd4 27. f4
Ba5 28. Rd1 Nxb3+ 29. axb3 Rxb3 30. Nb1 R3b4 31. Rh3 Ra4+ 32. Na3 Rxf4 33. Ba6
Bc7 34. Re3 Ra4 0-1

[Event "8th U18 European Team Championships"]
[Site "?"]
[Date "2008.06.14"]
[Round "1.2"]
[White "Recuero Guerra, David"]
[Black "Kotainy, Jens"]
[Result "1/2-1/2"]
[WhiteElo "2411"]
[BlackElo "2112"]
[PlyCount "64"]
[EventDate "2008.06.14"]

1. e4 e6 2. d4 d5 3. Nc3 Nf6 4. Bg5 Bb4 5. e5 h6 6. Be3 Ne4 7. Qg4 g6 8. a3
Bxc3+ 9. bxc3 Nxc3 10. Bd3 Nc6 11. h4 Ne7 12. h5 g5 13. f4 Nf5 14. Bc1 Ne4 15.
fxg5 c5 16. Bxe4 dxe4 17. Ne2 Qd5 18. dxc5 Bd7 19. Qh3 Bb5 20. Nc3 Qxc5 21. a4
Ba6 22. Ba3 Qxe5 23. O-O-O Rc8 24. Bb2 Qc5 25. g6 Nd4 26. gxf7+ Kf8 27. Kb1 Ne2
28. Qxe6 Nxc3+ 29. Bxc3 Qxc3 30. Qd6+ Kg7 31. Qg6+ Kf8 32. Qd6+ Kg7 1/2-1/2

[Event "8th U18 European Team Championships"]
[Site "?"]
[Date "2008.06.14"]
[Round "1.2"]
[White "Kaphle, Stephan"]
[Black "Valmana Canto, Jaime"]
[Result "0-1"]
[WhiteElo "2136"]
[BlackElo "2389"]
[PlyCount "46"]
[EventDate "2008.06.14"]

1. e4 e6 2. d4 d5 3. e5 c5 4. c3 Qb6 5. Nf3 Nc6 6. a3 Nh6 7. b4 cxd4 8. cxd4
Nf5 9. Bb2 Bd7 10. g4 Nfe7 11. Bd3 Ng6 12. Qd2 a5 13. b5 Nce7 14. a4 h5 15. g5
Nf5 16. Bc2 Rc8 17. O-O Bb4 18. Bc3 Ngh4 19. Nxh4 Nxh4 20. Qe3 Bxc3 21. Nxc3
Qxd4 22. Ra3 Qb4 23. Rb3 Qg4+ 0-1

[Event "8th U18 European Team Championships"]
[Site "?"]
[Date "2008.06.14"]
[Round "1.2"]
[White "Cabrera Trujillo, Jorge"]
[Black "Kaphle, Sebastian"]
[Result "1-0"]
[WhiteElo "2372"]
[BlackElo "2113"]
[PlyCount "149"]
[EventDate "2008.06.14"]

1. e4 c5 2. Nf3 e6 3. d4 cxd4 4. Nxd4 Nf6 5. Nc3 Nc6 6. Ndb5 Bb4 7. a3 Bxc3+ 8.
Nxc3 d5 9. exd5 exd5 10. Bd3 O-O 11. O-O d4 12. Ne2 Bg4 13. f3 Bh5 14. Bg5 Qd6
15. Qd2 Rfe8 16. Rad1 Rad8 17. Bh4 Bg6 18. Bxg6 hxg6 19. Bf2 d3 20. cxd3 Ne5
21. Qc2 Qa6 22. Nd4 Rd5 23. Rfe1 Qd6 24. Qc3 Rd8 25. b4 a6 26. Re2 Nc6 27. Nxc6
bxc6 28. d4 a5 29. Rb1 Rb5 30. Rc2 Rc8 31. Qc4 Qd7 32. a4 Rxb4 33. Rxb4 axb4
34. Qxb4 Nd5 35. Qb3 Qa7 36. Qc4 Nb6 37. Qb4 Nxa4 38. Ra2 Rb8 39. Rxa4 Rxb4 40.
Rxa7 Rb1+ 41. Be1 Rxe1+ 42. Kf2 Re6 43. Rc7 g5 44. Ra7 f6 45. h3 Kh7 46. Ra6
Rd6 47. Ke3 Kg6 48. g4 Kf7 49. Ra7+ Kg6 50. Rc7 f5 51. gxf5+ Kxf5 52. Rxg7 Re6+
53. Kd3 Kf4 54. Kc4 Re1 55. Rf7+ Kg3 56. Rf5 Rc1+ 57. Kd3 Rd1+ 58. Ke3 Re1+ 59.
Kd2 Re6 60. Rxg5+ Kxf3 61. Re5 Rh6 62. Kd3 Kf4 63. h4 Rg6 64. h5 Rg3+ 65. Kc4
Rh3 66. Rc5 Kg4 67. Rxc6 Rxh5 68. Re6 Kf4 69. d5 Rh1 70. Kc5 Rc1+ 71. Kd6 Kf5
72. Kd7 Ra1 73. Re2 Ra7+ 74. Kc6 Ra6+ 75. Kc7 1-0

[Event "8th U18 European Team Championships"]
[Site "?"]
[Date "2008.06.14"]
[Round "1.3"]
[White "Tomczak, Jacek"]
[Black "Tomazini, Aljosa"]
[Result "1/2-1/2"]
[WhiteElo "2449"]
[BlackElo "2177"]
[PlyCount "136"]
[EventDate "2008.06.14"]

1. e4 e5 2. Nf3 Nc6 3. d4 exd4 4. Nxd4 Bc5 5. Be3 Qf6 6. c3 Nge7 7. Bc4 b6 8.
Qd2 Bb7 9. f4 O-O-O 10. O-O d5 11. e5 Qh4 12. Bd3 g6 13. Bf2 Qh6 14. b4 Bxd4
15. cxd4 Nf5 16. Be2 Qf8 17. a3 h5 18. Nc3 Qe7 19. Bf3 Qe6 20. Rfc1 Kb8 21. Na4
Rd7 22. Rab1 Nce7 23. b5 Rc8 24. Be2 c6 25. bxc6 Nxc6 26. Nxb6 axb6 27. Rxb6
Rdc7 28. Rc5 Nfxd4 29. Bxd4 Nxd4 30. Rxe6 Nxe2+ 31. Qxe2 Rxc5 32. Re7 Rc1+ 33.
Kf2 R1c2 34. Rxf7 Rxe2+ 35. Kxe2 Rc6 36. Kd3 Ra6 37. Kd4 Ra4+ 38. Kc5 Rc4+ 39.
Kb5 Re4 40. Kb6 Bc8 41. Rf8 d4 42. g3 h4 43. Rd8 hxg3 44. hxg3 g5 45. fxg5 Rxe5
46. Rxd4 Rxg5 47. Rd3 Rg6+ 48. Kc5 Kc7 49. Rf3 Rg5+ 50. Kd4 Kd6 51. Rd3 Be6 52.
Ke4+ Bd5+ 53. Kf4 Rg8 54. Re3 Be6 55. Rd3+ Bd5 56. Re3 Kc5 57. Re1 Rf8+ 58. Kg4
Kd4 59. Re7 Rg8+ 60. Kf4 Ra8 61. g4 Rxa3 62. g5 Rf3+ 63. Kg4 Rf1 64. g6 Rg1+
65. Kf5 Rf1+ 66. Kg5 Rg1+ 67. Kf6 Rf1+ 68. Kg5 Rg1+ 1/2-1/2

[Event "8th U18 European Team Championships"]
[Site "?"]
[Date "2008.06.14"]
[Round "1.3"]
[White "Mitrovic, Boris"]
[Black "Bobula, Mateusz"]
[Result "0-1"]
[WhiteElo "2162"]
[BlackElo "2404"]
[PlyCount "42"]
[EventDate "2008.06.14"]

1. e4 c6 2. d4 d5 3. e5 Bf5 4. Nd2 e6 5. Nb3 Nd7 6. Nf3 a6 7. Be2 c5 8. Nxc5
Nxc5 9. dxc5 Bxc5 10. O-O Ne7 11. Bf4 O-O 12. c3 Nc6 13. Rc1 Rc8 14. Qd2 Ba7
15. Be3 Bb8 16. Bd4 Be4 17. Rfe1 f6 18. exf6 Nxd4 19. Nxd4 Qxf6 20. Bf3 Bf4 21.
Qe2 Qh6 0-1

[Event "8th U18 European Team Championships"]
[Site "?"]
[Date "2008.06.14"]
[Round "1.3"]
[White "Piorun, Kacper"]
[Black "Plaskan, Jure"]
[Result "1-0"]
[WhiteElo "2397"]
[BlackElo "2149"]
[PlyCount "57"]
[EventDate "2008.06.14"]

1. e4 c5 2. Nf3 d6 3. d4 cxd4 4. Nxd4 Nf6 5. Nc3 a6 6. Bg5 e6 7. f4 Nc6 8. e5
dxe5 9. Nxc6 Qxd1+ 10. Rxd1 bxc6 11. fxe5 Nd5 12. Ne4 Be7 13. Bd2 Rb8 14. b3 f5
15. exf6 gxf6 16. Be2 h5 17. c4 Nb6 18. Bc3 e5 19. Nd6+ Kf8 20. Ba5 Be6 21. h4
Kg7 22. O-O Nd7 23. Bf3 Nc5 24. Bxc6 Kg6 25. b4 Nd7 26. Be4+ Kg7 27. c5 Bg4 28.
Nf5+ Bxf5 29. Bxf5 1-0

[Event "8th U18 European Team Championships"]
[Site "?"]
[Date "2008.06.14"]
[Round "1.3"]
[White "Rozic, Samo"]
[Black "Panocki, Adrian"]
[Result "0-1"]
[WhiteElo "1899"]
[BlackElo "2270"]
[PlyCount "58"]
[EventDate "2008.06.14"]

1. e4 c5 2. Nc3 d6 3. g3 g6 4. Bg2 Bg7 5. d3 Nc6 6. Be3 Rb8 7. Qd2 b5 8. Nge2
b4 9. Nd1 Nd4 10. O-O Nxe2+ 11. Qxe2 Nf6 12. h3 O-O 13. f4 Nd7 14. f5 Ne5 15.
g4 e6 16. Qd2 exf5 17. gxf5 gxf5 18. exf5 Kh8 19. Bf4 Rg8 20. Ne3 Qh4 21. Qf2
Qh5 22. Bg3 Bb7 23. f6 Bh6 24. Nf5 Qxf5 25. Qxf5 Rxg3 26. Rf2 Rbg8 27. Kf1
Bxg2+ 28. Ke1 Re3+ 29. Kd1 Bf3+ 0-1

[Event "8th U18 European Team Championships"]
[Site "?"]
[Date "2008.06.14"]
[Round "1.4"]
[White "Ohme, Melanie"]
[Black "Toth, Ervin"]
[Result "1/2-1/2"]
[WhiteElo "2248"]
[BlackElo "2407"]
[PlyCount "108"]
[EventDate "2008.06.14"]

1. e4 e6 2. d4 d5 3. Nc3 Bb4 4. exd5 exd5 5. Bd3 Nc6 6. a3 Bxc3+ 7. bxc3 Nf6 8.
Ne2 O-O 9. O-O Bg4 10. f3 Bh5 11. Nf4 Bg6 12. Nxg6 hxg6 13. Bg5 Qd6 14. Bxf6
gxf6 15. f4 f5 16. Qf3 Kg7 17. Qg3 Qf6 18. Rae1 Rae8 19. Re3 Rxe3 20. Qxe3 Qd6
21. a4 a6 22. Re1 Rd8 23. h3 Rd7 24. Qg3 Re7 25. Rxe7 Nxe7 26. Qe3 Nc6 27. g4
fxg4 28. hxg4 Qa3 29. Qe1 Qxa4 30. f5 Qa3 31. fxg6 fxg6 32. g5 Qd6 33. Qh4 Ne7
34. Qh3 a5 35. Kg2 c6 36. c4 dxc4 37. Qh6+ Kf7 38. Bxc4+ Ke8 39. Qh8+ Kd7 40.
Qa8 Qb4 41. Be2 Kc7 42. Qe8 a4 43. c3 Qd6 44. Bg4 Nd5 45. c4 Ne7 46. Kh3 Qd8
47. Qf7 Kb8 48. Qf4+ Qc7 49. Qe3 b5 50. cxb5 cxb5 51. Qe2 Qb7 52. Bf3 Qd7+ 53.
Bg4 Qb7 54. Bf3 Qd7+ 1/2-1/2

[Event "8th U18 European Team Championships"]
[Site "?"]
[Date "2008.06.14"]
[Round "1.4"]
[White "Endress, Anna"]
[Black "Mihok, Oliver"]
[Result "1/2-1/2"]
[WhiteElo "2038"]
[BlackElo "2352"]
[PlyCount "139"]
[EventDate "2008.06.14"]

1. e4 c5 2. Nf3 Nc6 3. d4 cxd4 4. Nxd4 Qb6 5. Nb3 Nf6 6. Nc3 e6 7. Be3 Qc7 8.
Bd3 a6 9. O-O b5 10. a3 Be7 11. f4 d6 12. Qf3 Bb7 13. Qg3 O-O 14. f5 Kh8 15.
fxe6 fxe6 16. Qh3 e5 17. Nd5 Qc8 18. Qxc8 Raxc8 19. Nd2 Nxd5 20. exd5 Nd4 21.
c3 e4 22. Bxe4 Ne2+ 23. Kh1 Rce8 24. Rxf8+ Bxf8 25. Rf1 g6 26. Rf2 Nc1 27. Rf1
Ne2 28. g3 Bg7 29. Kg2 Bxd5 30. Bxd5 Rxe3 31. Be4 Nxc3 32. bxc3 Bxc3 33. Bd5
Bxd2 34. Rf8+ Kg7 35. Rf7+ Kh6 36. Rf3 Re5 37. Bg8 Kg7 38. Bb3 Bc1 39. a4 bxa4
40. Bxa4 Be3 41. Bb3 Re7 42. Rf1 Bc5 43. Ra1 Ra7 44. Ra5 Bb4 45. Ra2 a5 46. Kf3
Kf6 47. Ke4 Re7+ 48. Kf3 Re1 49. Re2 Rxe2 50. Kxe2 Ke5 51. Ke3 d5 52. h3 d4+
53. Kf3 Bc3 54. h4 Be1 55. Bc2 Kf6 56. Kf4 h6 57. Bb3 g5+ 58. hxg5+ hxg5+ 59.
Kf3 Ke5 60. g4 Bc3 61. Bd1 d3 62. Ke3 d2 63. Kd3 Bb4 64. Ke3 Kd5 65. Kd3 Kc5
66. Ba4 Kb6 67. Ke3 Kc5 68. Kd3 Kd5 69. Bd1 Kc5 70. Ba4 1/2-1/2

[Event "8th U18 European Team Championships"]
[Site "?"]
[Date "2008.06.14"]
[Round "1.4"]
[White "Csirik, Andras"]
[Black "Klek, Hanna-Marie"]
[Result "1/2-1/2"]
[WhiteElo "2225"]
[BlackElo "1919"]
[PlyCount "55"]
[EventDate "2008.06.14"]

1. e4 c5 2. Nf3 d6 3. d4 cxd4 4. Nxd4 Nf6 5. Nc3 a6 6. Bg5 e6 7. f4 Nbd7 8. Qf3
Qc7 9. O-O-O b5 10. Bxb5 axb5 11. Ndxb5 Qb6 12. e5 Bb7 13. Qe2 dxe5 14. fxe5
Nd5 15. Nxd5 Bxd5 16. Rxd5 exd5 17. Nd6+ Bxd6 18. exd6+ Kf8 19. Qe7+ Kg8 20.
Qxd7 h6 21. Rf1 hxg5 22. Qxf7+ Kh7 23. Qf5+ g6 24. Qxg5 Rhf8 25. Qe7+ Kg8 26.
Qe6+ Kg7 27. Qe5+ Kh7 28. Qe7+ 1/2-1/2

[Event "8th U18 European Team Championships"]
[Site "?"]
[Date "2008.06.14"]
[Round "1.5"]
[White "Chirila, Ioan Cristian"]
[Black "Green, Andrew"]
[Result "1-0"]
[WhiteElo "2422"]
[BlackElo "2021"]
[PlyCount "69"]
[EventDate "2008.06.14"]

1. e4 Nf6 2. e5 Nd5 3. d4 d6 4. Nf3 dxe5 5. Nxe5 c6 6. Be2 Bf5 7. c3 Nd7 8. Nf3
e6 9. O-O Be7 10. Re1 O-O 11. a3 h6 12. c4 N5f6 13. Nc3 c5 14. Be3 Bh7 15. Bf1
Re8 16. Qe2 a6 17. Rad1 Qc7 18. g3 cxd4 19. Bxd4 Rac8 20. Ne5 Bd6 21. Nxd7 Nxd7
22. Bg2 e5 23. Be3 Nb6 24. c5 Bxc5 25. Bxc5 Qxc5 26. Bxb7 Rc7 27. Bxa6 Rce7 28.
Bb5 Rf8 29. a4 Qb4 30. Nd5 Nxd5 31. Rxd5 e4 32. Qd2 Qxd2 33. Rxd2 f5 34. Red1
f4 35. Rd8 1-0

[Event "8th U18 European Team Championships"]
[Site "?"]
[Date "2008.06.14"]
[Round "1.5"]
[White "Nisbet, Alex Ian"]
[Black "Georgescu, Tiberiu"]
[Result "0-1"]
[WhiteElo "1979"]
[BlackElo "2384"]
[PlyCount "102"]
[EventDate "2008.06.14"]

1. d4 Nf6 2. Bf4 g6 3. e3 Bg7 4. Nf3 O-O 5. Be2 d6 6. h3 Nfd7 7. c3 e5 8. dxe5
dxe5 9. Bh2 Nc6 10. Nbd2 Qe7 11. Nc4 Nb6 12. Qc2 f6 13. Nfd2 Be6 14. O-O Qf7
15. Nxb6 axb6 16. e4 Bh6 17. b3 Rfd8 18. Rad1 Rd7 19. Kh1 Rad8 20. Nc4 b5 21.
Ne3 Rxd1 22. Rxd1 Rxd1+ 23. Nxd1 Na7 24. Bg1 Qd7 25. f3 Nc8 26. Ne3 c6 27. c4
b4 28. c5 Bxh3 29. Qc4+ Be6 30. Qxb4 Bf8 31. Nc4 g5 32. Bf2 h5 33. Ne3 b6 34.
Nf5 Kh7 35. Qc3 b5 36. Bd3 g4 37. fxg4 hxg4 38. Be3 Bxf5 39. exf5 Ne7 40. Qc2
Nd5 41. Bd2 Qf7 42. Kg1 Qh5 43. Be4 g3 44. Bf3 Qh2+ 45. Kf1 Qh1+ 46. Ke2 Bh6
47. Qe4 Qg1 48. Be1 Qxc5 49. Qg4 Qe3+ 50. Kf1 Qd3+ 51. Kg1 Be3+ 0-1

[Event "8th U18 European Team Championships"]
[Site "?"]
[Date "2008.06.14"]
[Round "1.5"]
[White "Anton, Teodor"]
[Black "Woods, Connor"]
[Result "0-1"]
[WhiteElo "2298"]
[BlackElo "1881"]
[PlyCount "54"]
[EventDate "2008.06.14"]

1. d4 Nf6 2. c4 c5 3. d5 b5 4. cxb5 a6 5. b6 e6 6. Nc3 Nxd5 7. Nxd5 exd5 8.
Qxd5 Nc6 9. e4 Rb8 10. Nf3 Be7 11. Bc4 O-O 12. O-O Rxb6 13. Rb1 Na5 14. Qd3
Nxc4 15. Qxc4 Bb7 16. Qe2 Re6 17. Nd2 d5 18. e5 f6 19. f4 fxe5 20. fxe5 Rxf1+
21. Nxf1 d4 22. Bf4 Qd5 23. b3 Bf6 24. Re1 Bxe5 25. Bg3 d3 26. Qd2 Bd4+ 27. Kh1
Bc3 0-1

[Event "8th U18 European Team Championships"]
[Site "Szeged"]
[Date "2008.06.14"]
[Round "1.1"]
[White "Purgar, Ivona"]
[Black "Kulon, Klaudia"]
[Result "0-1"]
[WhiteElo "2065"]
[BlackElo "2194"]
[PlyCount "86"]
[EventDate "2008.06.14"]

1. e4 e5 2. Nf3 Nc6 3. Bb5 a6 4. Ba4 Nf6 5. O-O b5 6. Bb3 Be7 7. Re1 d6 8. c3
O-O 9. h3 Na5 10. Bc2 c5 11. d4 Qc7 12. Nbd2 cxd4 13. cxd4 Nc6 14. Nb3 a5 15.
Be3 a4 16. Nbd2 Bd7 17. Rc1 Rac8 18. Bd3 Qb8 19. Qe2 Nb4 20. Bb1 Rfe8 21. a3
Nc6 22. dxe5 dxe5 23. Nf1 Na5 24. Ng3 Nc4 25. Nf5 Bxf5 26. exf5 e4 27. Nd4 Nd5
28. Ba2 Ndxe3 29. fxe3 Qg3 30. Bxc4 bxc4 31. Rc3 Bd6 32. Kf1 Qh2 33. g4 Qh1+
34. Kf2 Qxh3 35. Rg1 Be5 36. Rg2 Qh1 37. Rg1 Qh4+ 38. Kf1 Red8 39. Rxc4 Qh3+
40. Kf2 Rxc4 41. Qxc4 Bxd4 42. exd4 e3+ 43. Ke1 Qh4+ 0-1

[Event "8th U18 European Team Championships"]
[Site "Szeged"]
[Date "2008.06.14"]
[Round "1.1"]
[White "Gosciniak, Maria"]
[Black "Deur, Zrinka"]
[Result "1-0"]
[WhiteElo "2067"]
[BlackElo "2009"]
[PlyCount "91"]
[EventDate "2008.06.14"]

1. e4 c5 2. Nf3 Nc6 3. d4 cxd4 4. Nxd4 Nf6 5. Nc3 e5 6. Ndb5 d6 7. Nd5 Nxd5 8.
exd5 Nb8 9. c4 Be7 10. Bd3 a6 11. Nc3 O-O 12. O-O f5 13. f3 Nd7 14. Kh1 Nc5 15.
Bc2 a5 16. Rb1 Bg5 17. f4 exf4 18. Bxf4 Bxf4 19. Rxf4 Qg5 20. Qf3 Bd7 21. Rf1
Rf6 22. b3 Raf8 23. Ne2 Qh6 24. Nd4 Ne4 25. Qe3 g5 26. R4f3 g4 27. Rf4 g3 28.
h4 Nf2+ 29. Kg1 Qg7 30. a3 Re8 31. Qf3 Ref8 32. b4 axb4 33. axb4 Qg6 34. c5
dxc5 35. bxc5 Kh8 36. c6 bxc6 37. dxc6 Bc8 38. Bd3 Rg8 39. Bxf5 Qh6 40. c7 Qf8
41. Qd5 Rd6 42. Qe5+ Qf6 43. Qxf6+ Rxf6 44. Rf3 Bxf5 45. Nxf5 Ne4 46. Ne7 1-0

[Event "8th U18 European Team Championships"]
[Site "Szeged"]
[Date "2008.06.14"]
[Round "1.2"]
[White "Osmanodja, Filiz"]
[Black "Traistaru, Teodora"]
[Result "0-1"]
[WhiteElo "1984"]
[BlackElo "2160"]
[PlyCount "44"]
[EventDate "2008.06.14"]

1. e4 c5 2. Nf3 d6 3. d4 cxd4 4. Nxd4 Nf6 5. Nc3 a6 6. Bg5 e6 7. f4 Be7 8. Qf3
Qc7 9. O-O-O Nc6 10. g4 Nxd4 11. Rxd4 b5 12. Qg3 h6 13. Bh4 g5 14. b4 Qc6 15.
fxg5 Nxg4 16. Rg1 Ne5 17. Qe3 Ng6 18. Be1 hxg5 19. Qg3 e5 20. Rd2 g4 21. Kb1
Bh4 22. Qe3 Bxe1 0-1

[Event "8th U18 European Team Championships"]
[Site "Szeged"]
[Date "2008.06.14"]
[Round "1.2"]
[White "Uta, Adeline-Ramona"]
[Black "Stark, Saskia"]
[Result "1-0"]
[WhiteElo "1976"]
[BlackElo "1926"]
[PlyCount "47"]
[EventDate "2008.06.14"]

1. e4 c5 2. Nf3 e6 3. d4 cxd4 4. Nxd4 a6 5. c4 Qc7 6. Nc3 b6 7. Bd3 Bb7 8. O-O
Nf6 9. Be3 Bd6 10. f4 e5 11. Nf5 O-O 12. Nxd6 Qxd6 13. fxe5 Qxe5 14. Rf5 Qe6
15. Bd4 Ne8 16. Nd5 b5 17. Re5 Qh6 18. Ne7+ Kh8 19. Rh5 Qe6 20. Re5 Qh6 21.
cxb5 d6 22. Nf5 Qg6 23. Re7 Bc8 24. b6 1-0

[Event "8th U18 European Team Championships"]
[Site "Szeged"]
[Date "2008.06.14"]
[Round "1.3"]
[White "Toth, Sarolta"]
[Black "Tanacs, Anna"]
[Result "1/2-1/2"]
[WhiteElo "2163"]
[BlackElo "2018"]
[PlyCount "98"]
[EventDate "2008.06.14"]

1. c4 Nf6 2. Nf3 e6 3. g3 b6 4. Bg2 Bb7 5. O-O Be7 6. Nc3 O-O 7. Re1 c5 8. e4
d6 9. d4 cxd4 10. Nxd4 Qc8 11. b3 Nc6 12. Nc2 Nd7 13. Bb2 a6 14. Ne3 Qc7 15.
Rc1 Rad8 16. Ncd5 Qb8 17. Nxe7+ Nxe7 18. f4 Ng6 19. Qd4 e5 20. fxe5 dxe5 21.
Qc3 Ne7 22. Nd5 Nc6 23. Qe3 Bc8 24. Red1 Rfe8 25. Rd2 Nc5 26. Rcd1 Bg4 27. Bf3
Bxf3 28. Qxf3 Ne6 29. Qg4 Kh8 30. Rf2 f6 31. Rdf1 Ncd4 32. h4 Qd6 33. Bc1 Nc5
34. Be3 Qe6 35. Qxe6 Rxe6 36. Nc3 Red6 37. Kg2 Nde6 38. Bxc5 Nxc5 39. Re2 Rd2
40. Rff2 R2d4 41. Rf1 Rd2 42. Rff2 R2d4 43. Re3 Rd3 44. Rxd3 Rxd3 45. Rf3 Rd2+
46. Rf2 Rd3 47. Rf3 Rd2+ 48. Rf2 Rd3 49. Rf3 Rd2+ 1/2-1/2

[Event "8th U18 European Team Championships"]
[Site "Szeged"]
[Date "2008.06.14"]
[Round "1.4"]
[White "Vombek, Sara"]
[Black "Vojinovic, Jovana"]
[Result "0-1"]
[WhiteElo "1888"]
[BlackElo "2217"]
[PlyCount "92"]
[EventDate "2008.06.14"]

1. e4 d5 2. exd5 Qxd5 3. d4 Nc6 4. Nf3 e5 5. dxe5 Qxd1+ 6. Kxd1 Bg4 7. Bd3 Nxe5
8. Re1 f6 9. Bf4 Bd6 10. Nbd2 O-O-O 11. Bxe5 Bxe5 12. Rb1 Bd6 13. h3 Bh5 14.
Ke2 Bg6 15. Bxg6 hxg6 16. Kf1 g5 17. Ne4 Nh6 18. Nxd6+ Rxd6 19. Re7 Nf5 20. Re4
Rd7 21. Rbe1 Kd8 22. b3 c6 23. R1e2 Kc7 24. Rd2 Nd6 25. Red4 Rhd8 26. R4d3 c5
27. c4 Ne4 28. Rxd7+ Rxd7 29. Rxd7+ Kxd7 30. Ke1 Kc6 31. Ng1 b5 32. cxb5+ Kxb5
33. Ne2 Kb4 34. f3 Nc3 35. Nc1 Ka3 36. Nd3 Nxa2 37. Nxc5 Nc1 38. Ne6 Kxb3 39.
Nd4+ Kc4 40. Nc2 Nd3+ 41. Kd2 Nf4 42. Ne3+ Kb3 43. Kc1 Kc3 44. Nd1+ Kd3 45.
Nf2+ Ke2 46. Ne4 Nxg2 0-1

[Event "8th U18 European Team Champion"]
[Site "?"]
[Date "2008.06.15"]
[Round "2.1"]
[White "Saric, Ivan"]
[Black "Tomczak, Jacek"]
[Result "0-1"]
[WhiteElo "2500"]
[BlackElo "2449"]
[PlyCount "80"]
[EventDate "2008.06.14"]

1. e4 d5 2. exd5 Nf6 3. Nf3 Nxd5 4. d4 g6 5. c4 Nb6 6. Nc3 Bg7 7. c5 Nd5 8. Bc4
c6 9. O-O Be6 10. Ng5 Nxc3 11. Nxe6 Nxd1 12. Nxd8 Nxb2 13. Bxb2 Kxd8 14. Bxf7
Na6 15. Rab1 Rf8 16. Bc4 Nc7 17. Rfe1 Bf6 18. Re3 b5 19. cxb6 axb6 20. Bc3 b5
21. Bb3 Kd7 22. Bb4 Na6 23. Ba3 b4 24. Bb2 Nc7 25. Rc1 Bg5 26. Rh3 Bxc1 27.
Bxc1 h5 28. Rg3 Rf6 29. Bh6 Ne6 30. Be3 Ra5 31. h4 Nf4 32. Kf1 Nd5 33. Bg5 Rd6
34. Rf3 Nf6 35. Rd3 Ne4 36. Be3 e5 37. Ke2 Nc3+ 38. Kd2 Nb1+ 39. Kc2 Na3+ 40.
Kb2 c5 0-1

[Event "8th U18 European Team Champion"]
[Site "?"]
[Date "2008.06.15"]
[Round "2.1"]
[White "Bobula, Mateusz"]
[Black "Martinovic, Sasa"]
[Result "1/2-1/2"]
[WhiteElo "2404"]
[BlackElo "2403"]
[PlyCount "32"]
[EventDate "2008.06.14"]

1. d4 Nf6 2. c4 g6 3. Nf3 Bg7 4. g3 d5 5. cxd5 Nxd5 6. Bg2 Nb6 7. O-O Nc6 8. e3
O-O 9. Nc3 Re8 10. d5 Na5 11. Nd4 Bd7 12. e4 c6 13. Bf4 Bc8 14. Nde2 cxd5 15.
exd5 e5 16. dxe6 Bxe6 1/2-1/2

[Event "8th U18 European Team Champion"]
[Site "?"]
[Date "2008.06.15"]
[Round "2.1"]
[White "Panocki, Adrian"]
[Black "Srbis, Jurica"]
[Result "1-0"]
[WhiteElo "2270"]
[BlackElo "2101"]
[PlyCount "65"]
[EventDate "2008.06.14"]

1. e4 e5 2. Nf3 Nc6 3. Bb5 a6 4. Ba4 Nf6 5. O-O Be7 6. Re1 b5 7. Bb3 O-O 8. a4
b4 9. d3 d6 10. Nbd2 h6 11. c3 Rb8 12. Nc4 Bg4 13. Ba2 bxc3 14. bxc3 d5 15. Ne3
dxe4 16. Nxg4 Nxg4 17. Rxe4 Nf6 18. Nxe5 Nxe4 19. Nxc6 Nxf2 20. Kxf2 Bc5+ 21.
d4 Qh4+ 22. Kg1 Rbe8 23. Bd2 Bd6 24. Ne5 Bxe5 25. dxe5 Rxe5 26. Qf3 Qe4 27. Qg3
Rfe8 28. Bxh6 g6 29. Rf1 R8e7 30. h4 c5 31. Bf4 Rh5 32. Bg5 Rb7 33. Qd6 1-0

[Event "8th U18 European Team Champion"]
[Site "?"]
[Date "2008.06.15"]
[Round "2.2"]
[White "Salgado Lopez, Ivan"]
[Black "Chirila, Ioan Cristian"]
[Result "0-1"]
[WhiteElo "2501"]
[BlackElo "2422"]
[PlyCount "62"]
[EventDate "2008.06.14"]

1. e4 e5 2. Nf3 Nc6 3. Bb5 a6 4. Ba4 Nf6 5. O-O Be7 6. Re1 b5 7. Bb3 d6 8. c3
O-O 9. h3 Na5 10. Bc2 d5 11. d4 Nxe4 12. dxe5 f5 13. exf6 Bxf6 14. Bf4 Bb7 15.
Bh2 Nc4 16. b3 Ncd6 17. Nd4 Bh4 18. f3 Bxe1 19. Qxe1 Nf6 20. Nd2 Re8 21. Qg3
Qe7 22. Nf1 Nh5 23. Qf2 c5 24. Nf5 Nxf5 25. Bxf5 Qf6 26. g4 g6 27. gxh5 Qxf5
28. hxg6 hxg6 29. Qxc5 Qxf3 30. Qb6 Re7 31. Qd4 Re2 0-1